drapeaux du monde #6 - Statistiques

Statistiques générales
  • Ce quiz a été pris 143 fois
  • Le résultat moyen est 17 sur 22
Statistiques - réponses
Par images Réponse % Correct
norvege
98%
portugal
96%
pays bas
95%
pologne
94%
niger
93%
nigeria
92%
nouvelle zélande
92%
nepal
91%
panama
91%
pakistan
87%
perou
87%
philippines
74%
ouganda
73%
paraguay
70%
palaos
68%
palestine
67%
papouasie nouvelle guinée
67%
nicaragua
66%
ouzbekistan
66%
oman
64%
namibie
59%
nauru
51%
Aucun quiz correspondant
Distribution des résultats
% des personnes avec chaque résultat
Percentile par nombre de réponses
Votre historique - résultats
Vous n’avez pas pris ce quiz